| 000 | 01685cam a2200361 a 4500 | ||
|---|---|---|---|
| 999 |
_c6548 _d6548 |
||
| 001 | 18580745 | ||
| 003 | GZU | ||
| 005 | 20210426125546.0 | ||
| 008 | 150313s2015 enk 000 0 eng | ||
| 010 | _a 2014455487 | ||
| 020 |
_a9780414044869 _q(pbk.) |
||
| 020 |
_a9780414044869 _q(pbk.) |
||
| 040 |
_aDLC _cDLC _dDLC |
||
| 042 | _apcc | ||
| 043 | _ae-uk--- | ||
| 050 | 0 | 0 |
_aKE 302 _bPOP 2011 |
| 100 | 1 |
_aPope, David James, _eauthor. |
|
| 245 | 1 | 0 |
_aMooting and advocacy skills / _cDavid Pope, LL.B (Hons.) (Edin.), LL.M (Harvard) of Lincoln's Inn, Barrister, Senior Visiting Fellow, University College London; Dan Hill, MA (Cantab) Head of Learning and Development and Associate professor at the University of Law. |
| 250 | _a2rd ed. | ||
| 260 |
_aLondon : _bSweet & Maxwell /Thomson Reuters, _c2015. |
||
| 300 |
_aviii, 191 p. ; _c23 cm. |
||
| 336 |
_atext _btxt _2rdacontent |
||
| 337 |
_aunmediated _bn _2rdamedia |
||
| 338 |
_avolume _bnc _2rdacarrier |
||
| 500 | _aInclude index. | ||
| 505 | 0 | _aIntroduction -- Moot Problems -- Legal Research -- Skeleton Arguments -- Speaking Notes -- Authorities And Bundles -- Practice -- Preliminaries -- Etiquette -- Oral Submissions -- Judicial Interventions -- Delivery -- Importance of delivery -- Organising Moots -- Selecting And Writing Moot Problems -- Original Moot Problems. | |
| 650 | 0 |
_aMoot courts _zGreat Britain. |
|
| 700 | 1 |
_aHill, Dan _c(Law teacher), _eauthor. |
|
| 856 | 4 | 1 |
_3Table of contents only _uhttp://www.loc.gov/catdir/toc/fy16pdf01/2014455487.html |
| 906 |
_a7 _bcbc _corigres _d2 _encip _f20 _gy-gencatlg |
||
| 942 |
_2lcc _cBK _h302 _iPOP _kKE |
||